00887cam a2200253Mc 450000500170000000800410001702000180005802000150007603500210009104000500011204100080016206000110017010000270018124501290020826000390033730000590037650400410043565000230047665000170049965000220051665000370053870000300057570000280060520180313054547.0150428s2012 sp ad fr 000 0 spa d a9788428332675 a8428332673 a(OCoLC)796225851 aCO-BoUCMbspacJose A. GerenadJose A. Gerena0 aspa aWA 4001 aAsensio-Cuesta, Sabina10aEvaluación ergonómica de puestos de trabajocSabina Asensio-Cuesta, Mª José Bastante-Ceca, José Antonio Diego Más aMadrid (España)bParaninfoc2012 axvi, 350 páginasbilustraciones, cuadros, gráficos aIncluye referencias bibliográficas 7aSalud ocupacional  7aErgonomía  7aMedicina laboral  7aPuesto de trabajo xEvaluación1 aBastante Ceca, Ma. José1 aDiego Más, J. Antonio